Top 20 NBA Players 2K Ratings for the past 3 years - Statistics

General Stats
  • This quiz has been taken 186 times
  • The average score is 20 of 20
Answer Stats
# Hint Answer 2k21 2k22 2k23 Combined Ratings % Correct
1 Bucks Giannis Antetokounmpo 96 97 97 290
100%
3 Lakers LeBron James 97 96 96 289
100%
2 Warriors Stephen Curry 97 96 96 289
100%
11 Lakers Anthony Davis 93 92 90 275
99%
15 Grizzlies Ja Morant 85 93 93 271
99%
12 Celtics Jayson Tatum 90 90 93 273
99%
6 76ers Joel Embiid 95 96 96 287
99%
7 Clippers Kawhi Leonard 96 95 94 285
99%
5 Nets Kevin Durant 96 96 96 288
99%
14 Nets Kyrie Irving 91 92 89 272
99%
8 Mavericks Luka Doncic 94 95 95 284
99%
4 Nuggets Nikola Jokic 96 96 96 288
99%
13 Trailblazers Damian Lillard 94 90 89 273
98%
16 Suns Devin Booker 89 91 91 271
98%
9 Heat Jimmy Butler 92 92 93 277
98%
18 Hawks Trae Young 87 90 90 267
98%
19 Pelicans Zion Williamson 90 89 87 266
97%
10 76ers James Harden 95 92 89 276
96%
20 Timberwolves Karl-Anthony Towns 88 89 89 266
96%
17 Suns Chris Paul 89 90 90 269
94%
No matching quizzes found
Score Distribution
Percent of People with Each Score
Percentile by Number Answered
Your Score History
You have not taken this quiz